Score 0/25 Timer 20:00
0 Plays Today
# Name % Correct
A1











???
100%
E2











???
48.3%
B4











???
47.7%
A4











???
40%
A3











???
37.4%
C5











???
26.2%
E1











???
26.2%
E5











???
26.1%
C3











???
23.2%
A5











???
22%
B5











???
16.2%
E4











???
13.8%
C4











???
11.9%
# Name % Correct
D1











???
11.8%
D5











???
11.3%
C2











???
11.1%
B2











???
11%
D4











???
8.7%
C1











???
8.6%
B1











???
8.4%
B3











???
7.9%
D2











???
6.9%
D3











???
6%
A2











???
5.8%
E3











???
4.9%
Remove Ads.
Support Sporcle.
Get the best of Sporcle when you Go Orange. This ad-free experience offers more features, more stats, and more fun while also helping to support Sporcle. Thank you for becoming a member.

You're not logged in!

Compare scores with friends on all Sporcle quizzes.
OR
Log In

Show Comments

Extras

Created Jun 7, 2020ReportNominate
Tags:TV Show Quiz

Top Quizzes Today


Score Distribution

Your Account Isn't Verified!

In order to create a playlist on Sporcle, you need to verify the email address you used during registration. Go to your Sporcle Settings to finish the process.

Report this User

Report this user for behavior that violates our Community Guidelines.

Details: